000 00845nam a22002177a 4500
003 UA-OsUOA
001 117242
007 ta
008 20160510b un ||||| |||| 00| 0 ukr d
090 _a012:929
_bП26
942 _cBK
040 _aUA-OsUOA
_bukr
_cUA-OsUOA
_dUA-OsUOA
245 _aПервопечатник Иван Федоров
_bописание изданий и указатель литературы о жизни и деятельности
_cсост. Е. Л. Немировский, М. В. Галушко; научн. ред. Я. Д. Исаевич
300 _a72 с.
955 _a1
041 _aukr
080 _a012:929
260 _aЛьвов
_bЛНБ им. В.Стефаника АН УССР
_c1983
650 7 _a01 Бібліографія і бібліографії. Каталоги
_2UDC
999 _c403155
_d403155